书目信息 |
| 题名: |
新自下而上城镇化
|
|
| 作者: | 罗震东, 著 | |
| 分册: | ||
| 出版信息: | 南京 东南大学出版社 2020.06 |
|
| 页数: | 19, 278页 | |
| 开本: | 26cm | |
| 丛书名: | ||
| 单 册: | ||
| 中图分类: | F299.21 | |
| 科图分类: | ||
| 主题词: | 乡村--xiang cun--城市化--研究--中国 | |
| 电子资源: | ||
| ISBN: | 978-7-5641-8774-3 | |
| 000 | 01689nam0 2200289 450 | |
| 001 | CAL 0120203068265 | |
| 005 | 20200918083630.6 | |
| 010 | @a978-7-5641-8774-3@dCNY69.00 | |
| 100 | @a20200915d2020 em y0chiy0120 ea | |
| 101 | 0 | @achi |
| 102 | @aCN@b320000 | |
| 105 | @aabk a 000yy | |
| 106 | @ar | |
| 200 | 1 | @a新自下而上城镇化@Axin zi xia er shang cheng zhen hua@e中国淘宝村的发展与治理@d= New urbanization from below@ethe development and governance of Taobao villages in China@f罗震东著@zeng |
| 210 | @a南京@c东南大学出版社@d2020.06 | |
| 215 | @a19, 278页@c图@d26cm | |
| 300 | @a国家自然科学基金面上项目 名称: 电子商务推动的乡村城镇化特征、机制与规划应对研究 国家自然科学基金面上项目 名称: 基于流空间的城镇发展战略分析方法与规划理论研究 国家自然基金青年项目 名称: 治理结构视角下乡村公共产品供给和规划策略研究 江苏省优势学科三期资金资助成果 | |
| 314 | @a罗震东, 南京大学建筑与城市规划学院教授等职。 | |
| 320 | @a有书目 | |
| 330 | @a电子商务作用下的乡村城镇化是信息化时代的新自下而上进程, 它对乡村地区社会、经济与物质空间的系统重构集中体现为中国淘宝村、镇的发展演化。基于大量数据分析和实地调研, 本书在全面呈现中国淘宝村的空间分布、类型特征与演化机制的基础上, 深入研究治理转型与规划应对方法, 力图系统地呈现这一具有深远影响力的进程的全貌, 并为乡村振兴战略的实施和规划编制提供参考。 | |
| 510 | 1 | @aNew urbanization from below@ethe development and governance of Taobao villages in China@zeng |
| 517 | 1 | @a中国淘宝村的发展与治理@Azhong guo tao bao cun de fa zhan yu zhi li |
| 606 | 0 | @a乡村@Axiang cun@x城市化@x研究@y中国 |
| 690 | @aF299.21@v5 | |
| 701 | 0 | @a罗震东,@Aluo zhen dong@f1978-@4著 |
| 801 | 0 | @aCN@b人天书店@c20200915 |
| 905 | @aTSG@b0000726@dF299.21@eL970@f2 | |
| 新自下而上城镇化:中国淘宝村的发展与治理= New urbanization from below:the development and governance of Taobao villages in China/罗震东著.-南京:东南大学出版社,2020.06 |
| 19, 278页:图;26cm |
| 国家自然科学基金面上项目 名称: 电子商务推动的乡村城镇化特征、机制与规划应对研究 国家自然科学基金面上项目 名称: 基于流空间的城镇发展战略分析方法与规划理论研究 国家自然基金青年项目 名称: 治理结构视角下乡村公共产品供给和规划策略研究 江苏省优势学科三期资金资助成果 |
| ISBN 978-7-5641-8774-3:CNY69.00 |
| 电子商务作用下的乡村城镇化是信息化时代的新自下而上进程, 它对乡村地区社会、经济与物质空间的系统重构集中体现为中国淘宝村、镇的发展演化。基于大量数据分析和实地调研, 本书在全面呈现中国淘宝村的空间分布、类型特征与演化机制的基础上, 深入研究治理转型与规划应对方法, 力图系统地呈现这一具有深远影响力的进程的全貌, 并为乡村振兴战略的实施和规划编制提供参考。 |
| ● |
| 相关链接 |
|
|
|
正题名:新自下而上城镇化
索取号:F299.21/L970
 
预约/预借
| 序号 | 登录号 | 条形码 | 馆藏地/架位号 | 状态 | 备注 |
| 1 | 1537573 | 215375733 | 社科库409/409社科库 112排1列6层/ [索取号:F299.21/L970] | 在馆 | |
| 2 | 1537574 | 215375742 | 社科库409/409社科库 112排1列6层/ [索取号:F299.21/L970] | 在馆 |